<?xml version="1.0" encoding="UTF-8"?>
<collection xmlns="http://www.loc.gov/MARC21/slim">
 <record>
  <leader>01009nam a2200253Ia 4500</leader>
  <controlfield tag="001">TVU_27621</controlfield>
  <controlfield tag="008">210423s9999    xx            000 0 und d</controlfield>
  <datafield tag="041" ind1=" " ind2=" ">
   <subfield code="a">Vie</subfield>
  </datafield>
  <datafield tag="082" ind1=" " ind2=" ">
   <subfield code="a">547</subfield>
  </datafield>
  <datafield tag="082" ind1=" " ind2=" ">
   <subfield code="b">Kh103</subfield>
  </datafield>
  <datafield tag="100" ind1=" " ind2=" ">
   <subfield code="a">Huỳnh, Đức Khải</subfield>
  </datafield>
  <datafield tag="245" ind1=" " ind2="0">
   <subfield code="a">So sánh bề mặt riêng và khả năng hấp thụ một số hợp chất hữu cơ của than Trà Bắc trước và sau khi tẩm kim loại chuyển tiếp</subfield>
  </datafield>
  <datafield tag="245" ind1=" " ind2="0">
   <subfield code="b">Khóa luận tốt nghiệp. Chuyên ngành Công nghệ kỹ thuật hóa học</subfield>
  </datafield>
  <datafield tag="245" ind1=" " ind2="0">
   <subfield code="c">Huỳnh Đức Khải, Nguyễn Tiến Thịnh ; Huỳnh Thị Ngọc Trinh (giáo viên hướng dẫn)</subfield>
  </datafield>
  <datafield tag="260" ind1=" " ind2=" ">
   <subfield code="a">Trà Vinh</subfield>
  </datafield>
  <datafield tag="260" ind1=" " ind2=" ">
   <subfield code="b">Đại học Trà Vinh</subfield>
  </datafield>
  <datafield tag="260" ind1=" " ind2=" ">
   <subfield code="c">2013</subfield>
  </datafield>
  <datafield tag="300" ind1=" " ind2=" ">
   <subfield code="a">60 tr.</subfield>
  </datafield>
  <datafield tag="300" ind1=" " ind2=" ">
   <subfield code="b">minh họa màu</subfield>
  </datafield>
  <datafield tag="300" ind1=" " ind2=" ">
   <subfield code="c">27 cm</subfield>
  </datafield>
  <datafield tag="504" ind1=" " ind2=" ">
   <subfield code="a">Thư mục: tr.59-60</subfield>
  </datafield>
  <datafield tag="700" ind1=" " ind2=" ">
   <subfield code="a">Huỳnh Đức Khải; Nguyễn Tiến Thịnh; Huỳnh Thị Ngọc Trinh </subfield>
  </datafield>
  <datafield tag="700" ind1=" " ind2=" ">
   <subfield code="e">giáo viên hướng dẫn</subfield>
  </datafield>
  <datafield tag="980" ind1=" " ind2=" ">
   <subfield code="a">Trung tâm Học liệu Trường Đại học Trà Vinh</subfield>
  </datafield>
 </record>
</collection>
